00648nam a2200181 i 450000100060000000300090000600500170001500700030003200800410003510000280007624500900010426000350019430000220022970000440025185200320029599900170032795201220034445040ES-MaACL20251114150612.0t|030325s1970 sp ||||1| spa d1 aClavel, Bernard.93911213aEl hércules en la plaza / cBernard Clavel ; [traducción Miguel Giménez Sales]. aBarcelona : bEdisven, c1970. a314 p. ; c21 cm.1 aGiménez Sales, Miguel, d1922-957067 aES-MaACLjC-39787 bR.76074 c45040d45040 00104070aATENEOMbATENEOMcDEPO2d2008-01-17eSCl0oC-39787p1047401r2023-02-23 00:00:00w2023-02-23yMONOGRAFIA